Fracture And Fatigue Control In Structures Application Of Fracture Mechanics (Record no. 565578)
[ view plain ]
| 000 -LEADER | |
|---|---|
| fixed length control field | 00397nam a2200121Ia 4500 |
| 008 - FIXED-LENGTH DATA ELEMENTS--GENERAL INFORMATION | |
| fixed length control field | 210430s9999 xx 000 0 und d |
| 082 ## - DEWEY DECIMAL CLASSIFICATION NUMBER | |
| Classification number | 620.1126 B223F |
| 100 ## - MAIN ENTRY--PERSONAL NAME | |
| Personal name | Rolfe Stanley T,Barsom JohnM. |
| 9 (RLIN) | 54818 |
| 245 ## - TITLE STATEMENT | |
| Title | Fracture And Fatigue Control In Structures Application Of Fracture Mechanics |
| Statement of responsibility, etc. | Rolfe Stanley T,Barsom JohnM. |
| 260 ## - PUBLICATION, DISTRIBUTION, ETC. | |
| Place of publication, distribution, etc. | New Jersey |
| Date of publication, distribution, etc. | 1990 |
| 300 ## - PHYSICAL DESCRIPTION | |
| Extent | 562p. |
| 942 ## - ADDED ENTRY ELEMENTS (KOHA) | |
| Koha item type | Book |
| Source of classification or shelving scheme | |
| Withdrawn status | Lost status | Damaged status | Not for loan | Permanent Location | Current Location | Shelving location | Date acquired | Total Checkouts | Full call number | Barcode | Date last seen | Price effective from | Koha item type |
|---|---|---|---|---|---|---|---|---|---|---|---|---|---|
| School of Chemical & Materials Engineering (SCME) | School of Chemical & Materials Engineering (SCME) | Book Cart | 01/16/2012 | 620.1126 B223F | SCME- D75 | 04/30/2021 | 04/30/2021 | Book |
